| 000 | 00607nam a2200205 u 4500 | ||
|---|---|---|---|
| 005 | 20230623063554.0 | ||
| 008 | 080225s2004 mx r 000 0 spa d | ||
| 020 | _a970641505X | ||
| 035 | _aUPN01000154462 | ||
| 049 | _aI | ||
| 050 | 4 |
_aPZ76.3 _bC3.4 |
|
| 100 | 1 |
_aCadena, Agustín, _d1963- _936380 |
|
| 245 | 1 | 3 |
_aLa guerra de los gatos / _cAgustín Cadena ; il. Guillermo Graco Castillo. |
| 260 |
_aMéxico : _bProgreso, _c2004. |
||
| 300 |
_a131 p. : _bil. |
||
| 440 | 0 | _aRehilete | |
| 650 | 0 |
_aAnimales _vCuentos y leyendas _9234 |
|
| 650 | 4 |
_aCuentos infantiles mexicanos _97723 |
|
| 905 | _aInfantil | ||
| 999 |
_c126579 _d126579 |
||